ARRUPE JESUIT UNIVERSITY

CORONAVIRUS -STOP THE SPREAD - CLEAN,DISINFECT,COVER

Frederick the Great (Record no. 130176)

MARC details
000 -LEADER
fixed length control field 00368nam a22001337a 4500
008 - FIXED-LENGTH DATA ELEMENTS--GENERAL INFORMATION
fixed length control field 200122b ||||| |||| 00| 0 eng d
050 ## - LIBRARY OF CONGRESS CALL NUMBER
Classification number DD404.M57
100 ## - MAIN ENTRY--PERSONAL NAME
Personal name Mitford, Nancy
9 (RLIN) 49031
245 ## - TITLE STATEMENT
Title Frederick the Great
Statement of responsibility, etc Nancy Mitford
260 ## - PUBLICATION, DISTRIBUTION, ETC. (IMPRINT)
Place of publication, distribution, etc London
Name of publisher, distributor, etc Hamish Hamilton
Date of publication, distribution, etc 1970
300 ## - PHYSICAL DESCRIPTION
Extent 304p. ;
Dimensions 25cm.
600 ## - SUBJECT ADDED ENTRY--PERSONAL NAME
Personal name Frederick 1
9 (RLIN) 49032
942 ## - ADDED ENTRY ELEMENTS (KOHA)
Source of classification or shelving scheme Library of Congress Classification
Item type Monograph ( Printed materials)
Holdings
Withdrawn status Lost status Source of classification or shelving scheme Damaged status Not for loan Collection code Home library Current library Shelving location Date acquired Total Checkouts Full call number Barcode Date last seen Price effective from Koha item type
    Library of Congress Classification     Main Collection ARRUPE LIBRARY ARRUPE LIBRARY Main Collection 22/01/2020   DD404.M57 46600006228 22/01/2020 22/01/2020 Monograph ( Printed materials)

 

Arrupe Library. PO Box MP320 Mt Pleasant, Harare, Zimbabwe
263 242 745411|librarian@aju.ac.zw